00414nam a2200121 a 450000100100000000500170001000800410002704000250006808200140009324500390010726001190014630000270026500004914920201002061706.0190723s1977 dr a 000 spa d aDO-SdBNPbspacBNPHU axxxbC215 0aCancionero litúrgico dominicano. aSantiago de los Caballeros, República Dominicana :bEdiciones del Obispado de Santiago de los Caballeros,c1977. a195 p. :bil ;c19 cm.